| 000 | 00520nam a22001577a 4500 | ||
|---|---|---|---|
| 003 | OSt | ||
| 005 | 20250830015041.0 | ||
| 008 | 250830b |||||||| |||| 00| 0 eng d | ||
| 020 | _a0-658-00310-0 | ||
| 040 |
_aDWCL - Main lib _cOC |
||
| 082 | _aCirc. 400 D278 2000 | ||
| 245 | _aDe tous coles | ||
| 260 |
_aLincolnwood, Illinois : _b National Textbook Company, _c c2000 |
||
| 300 |
_av, 217 p. : _bcolored illustration : _c24 cm. |
||
| 942 |
_2ddc _cBK-CIRC _hCirc. 400 D278 2000 _kCirc. _n0 |
||
| 999 |
_c4388 _d4388 |
||